Kịch

Người Mẹ, Vòng phấn Kapkazơ, Mẹ can đảm và bầy con, Súng của bác Cara

Wedi'i Gadw mewn:
Manylion Llyfryddiaeth
Prif Awdur: Brêcht Becton
Awduron Eraill: Hoàng Thao (dịch)
Fformat: Llyfr
Iaith:Vietnamese
Cyhoeddwyd: H. NXB Văn học 1974
Pynciau:
Tagiau: Ychwanegu Tag
Dim Tagiau, Byddwch y cyntaf i dagio'r cofnod hwn!
Thư viện lưu trữ: Mạng thư viện Đại học Đà Nẵng
LEADER 01228nam a2200361 4500
001 000005457
003 1601
005 20120412140455.0
008 110816s1974 viesd
020 |c 20000 đ 
041 0 |a vie 
082 |a 832  |b BR-B 
100 0 |a Brêcht Becton 
245 0 |a Kịch  |c Bectôn Brêcht; Hoàng Thao, Đoàn Văn Chức, Thiết Vũ dịch 
260 |a H.  |b NXB Văn học  |c 1974 
300 |a 433 tr.  |c 19 cm 
500 |a Dịch theo bản tiếng Pháp của NXB. L' Arche - Paris 
520 |a Người Mẹ, Vòng phấn Kapkazơ, Mẹ can đảm và bầy con, Súng của bác Cara 
653 |a Kịch 
653 |a Đức 
653 |a văn học nước ngoài 
700 |a Hoàng Thao  |e dịch 
910 |a Minh  |d 16/08/2011 
OWN |a LSP 
AVA |a UDN50  |b LSP  |d 832 BR-B  |e available  |t Error 5001 Not defined in file expand_doc_bib_avail.  |f 4  |g 2  |h N  |i 0  |k 1 
999 |a From the UDN01 
AVA |a UDN50  |b LSP  |d 832 BR-B  |e available  |t Error 5001 Not defined in file expand_doc_bib_avail.  |f 4  |g 2  |h N  |i 0  |k 1 
TYP |a Monograph 
TYP |a Printed language 
980 |a Mạng thư viện Đại học Đà Nẵng